| 000 | 01240nem a2200325 4500 | ||
|---|---|---|---|
| 001 | ebr10002620 | ||
| 003 | CaPaEBR | ||
| 006 | m u | ||
| 007 | cr cn||||||||| | ||
| 008 | 101210s1997 xx s a s 0 eng d | ||
| 034 | 0 | _aa | |
| 040 |
_aCaPaEBR _cCaPaEBR |
||
| 035 | _a(OCoLC)704409438 | ||
| 050 | 1 | 4 |
_aG6700 _b.G76 1997eb |
| 050 | 1 | 4 |
_aDG276 _b.G76 1997eb |
| 052 | _a6700 | ||
| 245 | 0 | 0 |
_aGrowth of the Roman Empire _h[electronic resource] : _b44 BCE to 117 CE. |
| 246 | 3 |
_iTitle from title screen: _aGrowth of the Roman Empire, 44 BCE-117 CE map |
|
| 255 | _aScale varies. | ||
| 260 |
_a[S.l.] : _bMagellan Geographix, _cc1997. |
||
| 300 | _a1 online resource (1 map) | ||
| 533 |
_aElectronic reproduction. _bPalo Alto, Calif. : _cebrary, _d2011. _nAvailable via World Wide Web. _nAccess may be limited to ebrary affiliated libraries. |
||
| 651 | 0 |
_aRome _vMaps. |
|
| 651 | 0 |
_aRome _xHistory _yEmpire, 30 B.C.-284 A.D. _vMaps. |
|
| 651 | 0 |
_aRome _xHistory _yRepublic, 265-30 B.C. _vMaps. |
|
| 655 | 7 |
_aElectronic books. _2local |
|
| 710 | 2 | _aMaps.com (Firm) | |
| 710 | 2 | _aebrary, Inc. | |
| 856 | 4 | 0 |
_uhttp://site.ebrary.com/lib/rucke/Doc?id=10002620 _zAn electronic book accessible through the World Wide Web; click to view |
| 999 |
_c2367 _d2367 |
||